<?xml version="1.0" encoding="UTF-8"?>
<collection xmlns="http://www.loc.gov/MARC21/slim">
 <record>
  <leader>02616nam a2200277 a 4500</leader>
  <controlfield tag="001">TVCDKTCT10522</controlfield>
  <controlfield tag="003">Thư viện trường Cao đẳng Kỹ thuật Cao Thắng</controlfield>
  <controlfield tag="005">20081219000000</controlfield>
  <controlfield tag="008">081219</controlfield>
  <datafield tag="980" ind1="\" ind2="\">
   <subfield code="a">Thư viện Trường CĐ Kỹ Thuật Cao Thắng</subfield>
  </datafield>
  <datafield tag="024" ind1=" " ind2=" ">
   <subfield code="a">RG_1 #1 eb0 i1</subfield>
  </datafield>
  <datafield tag="041" ind1="0" ind2="#">
   <subfield code="a">vie</subfield>
  </datafield>
  <datafield tag="082" ind1="#" ind2="#">
   <subfield code="a">657.7 / </subfield>
   <subfield code="b">T527T-đ</subfield>
  </datafield>
  <datafield tag="100" ind1="1" ind2="#">
   <subfield code="a">Đoàn Văn Trường</subfield>
  </datafield>
  <datafield tag="245" ind1="0" ind2="0">
   <subfield code="a">Tuyển tập các phương pháp thẩm định giá trị tài sản /</subfield>
   <subfield code="c">Đoàn Văn Trường</subfield>
  </datafield>
  <datafield tag="250" ind1="#" ind2="#">
   <subfield code="a">In lần thứ 1</subfield>
  </datafield>
  <datafield tag="260" ind1="#" ind2="#">
   <subfield code="a">Hà Nội :</subfield>
   <subfield code="b">Khoa học kỹ thuật ,</subfield>
   <subfield code="c">2007</subfield>
  </datafield>
  <datafield tag="300" ind1="#" ind2="#">
   <subfield code="a">477tr. ;</subfield>
   <subfield code="c">24 cm</subfield>
  </datafield>
  <datafield tag="520" ind1="#" ind2="#">
   <subfield code="a">Thẩm định giá là một nghệ thuật hay khoa học đánh giá giá trị của hàng hóa và dịch vụ. Hoạt động thẩm định giá là một dịch vụ chuyên nghiệp rất cần thiết đối với sự vận hành một nền kinh tế thị trường, do các nhà chuyên môn được đào tạo, có kiến thức, có kinh nghiệm và có tinh trung thực cao trong nghề nghiệp thực hiện. Thẩm định giá có thể coi là trung tâm của các hoạt động kinh tế. Bởi vì, mọi việc có liên quan đến cách hoạt động kinh doanh đều chịu tác động bởi khái niệm , giá trị, mà  việc thẩm định giá là để xác định giá tài sản ở trên thị trường. Thẩm định giá có vai trò quan trọng trong tất cả các loại quyết định liên quan đến việc mua, bán, tài chính, quản lý, sở hữu, đánh thuế, cho thuê, bảo hiểm, cầm cố và kinh doanh tài sản.</subfield>
  </datafield>
  <datafield tag="520" ind1="#" ind2="#">
   <subfield code="a">Phần 1: Những cơ sở lý luận của thẩm định giá và giới thiệu về công tác thẩm định giá.</subfield>
  </datafield>
  <datafield tag="520" ind1="#" ind2="#">
   <subfield code="a">Phần 2: các phương pháp thẩm định giá trị bất động sản.</subfield>
  </datafield>
  <datafield tag="520" ind1="#" ind2="#">
   <subfield code="a">Phần 3: các phương pháp thẩm định giá máy móc và thiết bị.</subfield>
  </datafield>
  <datafield tag="520" ind1="#" ind2="#">
   <subfield code="a">Phần 4: Các phương pháp thẩm định giá tài sản vô hình.</subfield>
  </datafield>
  <datafield tag="520" ind1="#" ind2="#">
   <subfield code="a">Phần 5: Các tiêu chuẩn  của ủy ban tiêu chuẩn thẩm định giá quốc tế ( IVSC) năm 2000 và những phép toán áp dụng trong công tác thẩm định giá.</subfield>
  </datafield>
  <datafield tag="650" ind1="#" ind2="4">
   <subfield code="a">Kế toán tài chính</subfield>
  </datafield>
  <datafield tag="650" ind1="#" ind2="4">
   <subfield code="a">Thẩm định giá</subfield>
  </datafield>
 </record>
</collection>
